000 00577nam a2200169Ia 4500
005 20250313140744.0
008 231217s9999 xx 000 0 und d
020 _a9788120320222
082 _a001.6425 NAG;1 R
100 _aNagpal, Arvind Pitlak, John
245 0 _aALE, EDI, & IDOC, technologies for SAP; a comprehensive guide to SAP business process integration
260 _c2001
_bPrentice-Hall,
_aNew Delhi
300 _axxxvi+762
500 _aContent page available
650 _aALE,,EDI,,IDOC,,technologies,SAP;,SAP,business,process,integration
942 _cAA
999 _c180045
_d180045